Dastoor-ul-amal Pakistan bari fauj: manual of Pakistan miltary law / (Record no. 550265)
[ view plain ]
| 000 -LEADER | |
|---|---|
| fixed length control field | 00455nam a22001457a 4500 |
| 082 ## - DEWEY DECIMAL CLASSIFICATION NUMBER | |
| Classification number | 343.015 |
| Author Mark | PER |
| -- | L-40, P-08 |
| 100 ## - MAIN ENTRY--PERSONAL NAME | |
| Personal name | Pervez M, Farooq |
| 9 (RLIN) | 46962 |
| 245 ## - TITLE STATEMENT | |
| Title | Dastoor-ul-amal Pakistan bari fauj: manual of Pakistan miltary law / |
| 260 ## - PUBLICATION, DISTRIBUTION, ETC. | |
| Place of publication, distribution, etc. | Rawalpindi: |
| Name of publisher, distributor, etc. | Qazi Publisher, |
| Date of publication, distribution, etc. | c1999 |
| 300 ## - PHYSICAL DESCRIPTION | |
| Extent | xxx, 978p; |
| Dimensions | 18cm |
| 526 ## - STUDY PROGRAM INFORMATION NOTE | |
| Program name | 0 |
| Interest level | 0 |
| Reading level | 0 |
| Title point value | 343_015000000000000_PER |
| 526 ## - STUDY PROGRAM INFORMATION NOTE | |
| Program name | 0 |
| Interest level | 0 |
| Reading level | 0 |
| Title point value | 343_015000000000000_PER |
| 650 ## - SUBJECT ADDED ENTRY--TOPICAL TERM | |
| Topical term or geographic name entry element | MCE |
| 9 (RLIN) | 379 |
| 942 ## - ADDED ENTRY ELEMENTS (KOHA) | |
| Source of classification or shelving scheme | |
| Koha item type | Book |
| Withdrawn status | Lost status | Source of classification or shelving scheme | Damaged status | Not for loan | Permanent Location | Current Location | Date acquired | Total Checkouts | Full call number | Barcode | Date last seen | Price effective from | Koha item type |
|---|---|---|---|---|---|---|---|---|---|---|---|---|---|
| Military College of Engineering (MCE) | Military College of Engineering (MCE) | 10/30/2014 | 343.015 PER | MCE-44136 | 10/30/2014 | 10/30/2014 | Book | ||||||
| Military College of Engineering (MCE) | Military College of Engineering (MCE) | 10/30/2014 | 343.015 PER | MCE-44135 | 10/30/2014 | 10/30/2014 | Book |
